000 00404nam a2200157 i 4500
001 26111
003 ES-MaACL
007 t|
008 030107s1954 sp ||||1| spa d
100 1 _aArnold, Mario.
_923110
245 1 0 _aPandereta /
_cMario Arnold.
250 _a1ª ed.
260 _aMadrid :
_bAncla,
_c1954 (
_fVda. Galo Sèz)
300 _a61 p. ;
_c24 cm.
852 _aES-MaACL
_jC-8626
_bR.36807
999 _c26111
_d26111